000 00854nam a2200253 a 4500
001 BRL_1131
005 20190320211040.0
008 141113s1974----mx-#######---#000-0#spa-#
041 _aspa
044 _amx
050 4 _aCB478
_b.F67 1974
100 1 _aFoster, George McClelland
_d1913-2006
_925875
245 1 0 _aLas culturas tradicionales y los cambios técnicos
_cGeorge M. Foster ; traducción de Andrés M. Mateo.
260 _aMéxico
_bFondo de Cultura Económica
_c1974
300 _a261 p.
_c21 cm.
440 0 _aSección de obras de antropología
_925876
500 _aAu1316
500 _aTraducción de: Traditional cultures and the impact of technological change.
504 _aBibliografía: p. 249-258
650 1 4 _aTecnología y civilización
_925877
700 1 _aMateo, Andrés M.
_etr.
_925878
902 _aGRL
942 _2lcc
_cB
999 _c9943
_d9943